000 00619nam a22002057a 4500
003 0
005 20230907100152.0
008 230907b xxu||||| |||| 00| 0 eng d
020 _a978-93-86559-23-4
050 _aQA 76.9
_b.V47 2023
100 _aVerma, Gopal
245 _aFundamentals of human computer
_cGopal Verma
250 _aFirst edition
260 _aNew Delhi, India
_bVenus Books
_cc2023.
300 _axv, 324 pages ;
_c24 cm.
500 _aHuman--computer--interaction.
504 _aIncludes bibliographical references and index.
650 _aHuman--computer interaction.
942 _2lcc
_cBK
999 _c365257
_d365257